Optimal statistical decisions /

Guardado en:
Autor Principal: De Groot, Morris H., 1931-
Formato: Libro
Idioma:English
Publicado: New York : McGraw-Hill, c1970.
Etiquetas: Agregar Etiqueta
Sin Etiquetas, Sea el primero en etiquetar este registro!
LEADER 00547nam a22001815 4500
001 MAT.inmabb002055
008 691118s1970####nyu######b####001#0#eng#d
005 20130409144051.0
245 1 0 |a Optimal statistical decisions /  |c Morris H. DeGroot. 
260 |a New York :  |b McGraw-Hill,  |c c1970. 
300 |a xvi, 489 p. ;  |c 24 cm. 
504 |a Bibliografía: p. 447-471. 
510 4 |a MR,  |c 50 #8774a 
020 |a 0070162425 
100 1 |a De Groot, Morris H.,  |d 1931- 
084 |a 62C05  |2 msc2000 
010 |a  69018708  
859 |h 62  |i D321  |p A-3703  |b BIB. MATEMATICA